Architettura Barocca in Italia
Guardat en:
| Autor principal: | |
|---|---|
| Format: | Llibre |
| Idioma: | italià |
| Publicat: |
Bérgamo
Istituto Italiano D'arti Grafiche
1912
|
| Matèries: | |
| Etiquetes: |
Afegir etiqueta
Sense etiquetes, Sigues el primer a etiquetar aquest registre!
|
MARC
| LEADER | 00000nam a2200000 a 4500 | ||
|---|---|---|---|
| 001 | UCT1767 | ||
| 003 | CL-VaPUC | ||
| 008 | 961004e19120000IT |||||||||||||||||ita|d | ||
| 082 | 0 | 4 | |a 724.19 |b RIC |2 21 |
| 100 | 0 | |a Ricci, Corrado |e author |9 370845 | |
| 245 | 1 | 0 | |a Architettura Barocca in Italia |
| 300 | |a 280 p | ||
| 942 | |c BK | ||
| 945 | |d 19961004 00:00:00 |a rleighto | ||
| 260 | |a Bérgamo |b Istituto Italiano D'arti Grafiche |c 1912 | ||
| 650 | 0 | |a Arquitectura barroca |9 266043 | |
| 650 | 0 | |a Monumentos |9 265246 | |
| 650 | 0 | |a Vivienda |9 258662 | |
| 650 | 0 | |a Edificios |9 260501 | |
| 650 | 0 | |a Diseño arquitectónico |9 265271 | |
| 650 | 0 | |a Edificios religiosos |9 335394 | |
| 650 | 0 | |a Iglesias |9 352850 | |
| 651 | 0 | |a Italia |9 254949 | |
| 583 | |a last modification |c 19961004 00:00:00 |k Rodrigo Vera | ||
| 999 | |c 252218 |d 252216 | ||
| 952 | |0 0 |1 0 |4 0 |6 724_190000000000000_RIC_1912 |7 0 |8 P |9 271955 |a BIBARQ |b BIBARQ |d 2019-11-19 |i 3235610 |o 724.19 RIC 1912 |p 3235610 |r 2025-01-20 |w 2019-11-19 |y BK |k ARQ | ||